00777nam a2200169 a 45000010005000000030009000050080041000140400028000550820018000831000043001012450057001442600033002013000011002345050314002456500036005596500012005958982CO-ViMGA141112s2004 ck r 000 u spa d aCO-ViMGAbspacCO-ViMGA04a918.861 C656e1 aMinisterio de desarrollo económico, 10aEstudio de competitividad del sector turismo TOMO II aBogotá .Mindesarrollo.1998 a434.p. aClusters difusos Clusters Boyacá Clusters eje cafetero Clusters San Agustin y Tierradentro Clusters de Ecoturismo Parques Naturales de Colombia Llanos/Orinoquia/Amazonia Clusters Santafé de Bogotá y zona de influencia Clusters Antioquia y frontera con Panamá Clusters suroccidente Clusters Santanderes14aEconomía TURISTICA COLOMBIANA14aTURISMO